Normal view
MARC view
- Rodríguez, Jaime Alberto
Entry Nombre Personal
001 - NUMERO DE CONTROL
- campo de control: 59200
003 - IDENTIFICADOR DE NUMERO DE CONTROL
- campo de control: MX-MxUPN
005 - FECHA Y HORA DE LA ÜLTIMA TRANSACCIÓN
- campo de control: 20260331102353.0
008 - DATOS DE LONGITUD FIJA
- campo de control de longitud fija: 260331|n ac|nnaabn | aaa d
040 ## - FUENTE DE CATALOGACIÓN
- Agencia original de catalogación: MX-MxUPN
- Lenguaje de catalogación: spa
100 1# - ENCABEZAMIENTO - NOMBRE PERSONAL
- Nombre personal: Rodríguez, Jaime Alberto
670 ## - FUENTE EN LA QUE SE LOCALIZARON DATOS
- Cita de la fuente: Metodologías y prácticas para la historia intelectual, 2024 :
- Información localizada: página 495 (Jaime Alberto Rodríguez)
- Uniform Resource Identifier: http://hdl.handle.net/20.500.12209/20821
902 ## - CATALOGADOR
- Catalogador: JohanaAllegre/310326
